000 00505nam a2200181Ia 4500
008 090122s9999 xx 000 0 und d
082 _b11966
100 _aमंगेशकर
_bगीता
245 _aतारा
260 _bसायली
_c2007
300 _a264
501 _aरोहीत बुक सेंटर / बि. नं. 2717
600 _aमंगेशकर
630 _aतारा
700 _aमंगेशकर
730 _aतारा
942 _cBOOK
999 _c36043
_d36043